000 00495nam a2200181Ia 4500
999 _c36586
_d36586
003 OSt
005 20201214100943.0
008 190216s9999||||xx |||||||||||||| ||und||
040 _coclc
082 _a523.3
_bLEA/O
100 _aLearners Press
_97408
245 0 _aOur Satellite : The Moon /
_cLearners Press
250 _a1st Ed.
260 _bLearners Press Pvt Ltd,
_c2000.
300 _a32p
650 _aUniverse
942 _cREF
_2ddc
_h523.3
_iLEA/O
_k523.3
_mLEA/O